Kinematics and dynamics of machines (Record no. 29011)

000 -LEADER
fixed length control field 00604nam a2200217 a 4500
001 - CONTROL NUMBER
control field 29011
003 - CONTROL NUMBER IDENTIFIER
control field BD-DhUET
008 - FIXED-LENGTH DATA ELEMENTS--GENERAL INFORMATION
fixed length control field 810115s1982 nyua b 001 0 eng
020 ## - INTERNATIONAL STANDARD BOOK NUMBER
International Standard Book Number 007040657X
040 ## - CATALOGING SOURCE
Original cataloging agency DLC
Transcribing agency DLC
Modifying agency BD-DhUET
082 00 - DEWEY DECIMAL CLASSIFICATION NUMBER
Classification number 621.81
Item number MAR/1982
100 ## - MAIN ENTRY--PERSONAL NAME
Personal name Martin, George H.
245 10 - TITLE STATEMENT
Title Kinematics and dynamics of machines
250 ## - EDITION STATEMENT
Edition statement 2nd ed.
260 ## - PUBLICATION, DISTRIBUTION, ETC. (IMPRINT)
Place of publication, distribution, etc. New York
Name of publisher, distributor, etc. McGraw-Hill
Date of publication, distribution, etc. 1982
300 ## - PHYSICAL DESCRIPTION
Extent xiii, 492 p.
Other physical details ill.
Dimensions 24 cm.
490 ## - SERIES STATEMENT
Series statement McGraw-Hill series in mechanical engineering
504 ## - BIBLIOGRAPHY, ETC. NOTE
Bibliography, etc Includes bibliographies
650 #0 - SUBJECT ADDED ENTRY--TOPICAL TERM
Topical term or geographic name as entry element Kinematics of machinery
942 ## - ADDED ENTRY ELEMENTS (KOHA)
Koha item type General Book
Holdings
Copy number Shelving location Location (home branch) Date acquired Koha date last seen Piece designation (barcode) Lost status Koha item type Withdrawn status Sublocation or collection (holding branch) Not for loan Koha normalized classification for sorting Damaged status Koha full call number Price effective from Source of classification or shelving scheme
1Reading sectionCentral Library, BUET2015-06-152015-06-1558973 General Book Central Library, BUET 621_810000000000000_MAR_1982 621.81/MAR/19822015-06-15 
2Reading sectionCentral Library, BUET2015-06-152015-06-1558969 General Book Central Library, BUET 621_810000000000000_MAR_1982 621.81/MAR/19822015-06-15 
3Reading sectionCentral Library, BUET2015-06-152015-06-1558970 General Book Central Library, BUET 621_810000000000000_MAR_1982 621.81/MAR/19822015-06-15 
4Reading sectionCentral Library, BUET2015-06-152015-06-1558971 General Book Central Library, BUET 621_810000000000000_MAR_1982 621.81/MAR/19822015-06-15 
5Reading sectionCentral Library, BUET2015-06-152015-06-1558972 General Book Central Library, BUET 621_810000000000000_MAR_1982 621.81/MAR/19822015-06-15